LEADER 01085nam a2200277 i 4500 001 991002395119707536 005 20260212114914.0 008 131206s2013 it 000 0 ita d 020 $a9788834832882 035 $ab14167293-39ule_inst 040 $aBibl. Dip.le Aggr. Scienze Economia - Sez. Settore Economico$bita 082 0 $a343.4507$222 100 1 $aPicozza, Eugenio$034243 245 10$aDiritto dell'economia /$cEugenio Picozza, Vincenzo Ricciuto 260 $aTorino :$bGiappichelli,$c2013 300 $aXII, [2], 478 p. ;$c24 cm 490 0 $aTrittico giuridico.$pSezione manuali 650 4$aDiritto pubblico 650 4$aEconomia$xDiritto 700 1 $aRicciuto, Vincenzo$eauthor$4http://id.loc.gov/vocabulary/relators/aut$0445801 907 $a.b14167293$b17-12-14$c06-12-13 912 $a991002395119707536 945 $aLE025 ECO 343 PIC01.03$g1$i2025000264847$lle025$nProf. Di Porto$o-$pE38.00$q-$rl$s-$t0$u3$v1$w3$x0$y.i15589055$z04-02-14 996 $aDiritto dell'economia$91085349 997 $aUNISALENTO 998 $ale025$b06-12-13$cm$da$e-$fita$git$h0$i0